000 01273nab a22002297a 4500
999 _c6402
_d6402
003 OSt
005 20260201181326.0
008 190506c xxu||||| |||| 00| 0 spa d
040 _cPJ
100 _97040
_aBergonzelli, Agustina
245 1 0 _aReducción de la jornada laboral :
_buna salida posible para los deberes de cuidado compartidos /
_cAgustina Bergonzelli.
260 _aBuenos Aires :
_bAbeledoPerrot,
_c2023.
300 _ap. 9-16
500 _aCita: TR LALEY AR/DOC/2417/2023
505 _aSumario: I. Definición y criterios de calificación.— II. Régimen legal de Jornada en la Argentina.— III. Convenios de OIT sobre Jornada.— IV. Proyectos de ley sobre reducción de jornada.— V. Algunos estudios científicos y datos objetivos sobre el tema.— VI. Deberes de cuidado compartidos. Avances y su relación con la reducción de Jornada.— VII. Conclusiones y reflexión.
505 _t¿Te interesa el texto completo? Comunicate al correo: koha@justierradelfuego.gov.ar
650 0 _91316
_aDERECHO LABORAL
650 0 _91323
_aCONTRATO DE TRABAJO
650 0 _91402
_aJORNADA DE TRABAJO
773 0 _02751
_93202
_dBuenos Aires : AbeledoPerrot, 2013-
_tRevista de derecho laboral y seguridad social. Nº 22 - Noviembre 2023
942 _2udc
_cANA